[Event "Mittelfranken Landesliga Sued 2223"]
[Site "Mittelfranken"]
[Date "2022.11.27"]
[Round "3.8"]
[White "Loechel, Guenter"]
[Black "Dietz, Iwan"]
[Result "0-1"]
[WhiteElo "1757"]
[BlackElo "1817"]
[PlyCount "60"]
[EventDate "2022.10.09"]
[EventType "team-tourn"]
[EventRounds "9"]
[EventCountry "GER"]
[SourceTitle "EXT 2024"]
[Source "ChessBase"]
[SourceDate "2023.10.10"]
[SourceVersion "1"]
[SourceVersionDate "2023.10.10"]
[SourceQuality "1"]
[WhiteTeam "Neuburg"]
[BlackTeam "Bayern Muenchen III"]
[WhiteTeamCountry "GER"]
[BlackTeamCountry "GER"]

1. e4 c5 2. Nf3 g6 3. Bc4 Bg7 4. 0-0 Nc6 5. Nc3 e6 6. d3 Nge7 7. Be3 b6 8. Qd2 d5 9. exd5 exd5 10. Nxd5 Nxd5 11. Bg5 Qd6 12. Rfe1+ Be6 13. Bxd5 Qxd5 14. c4 Qd7 15. Qf4 0-0 16. Bf6 Qxd3 17. Bxg7 Kxg7 18. b3 Rad8 19. h4 Qf5 20. Qc7 Nd4 21. Ng5 Rd7 22. Nxe6+ Qxe6 23. Rxe6 Rxc7 24. Re4 f5 25. Re5 Kf6 26. Rae1 Rff7 27. Rd5 Rcd7 28. Ree5 Nc6 29. Re1 Rxd5 30. cxd5 Nd4 0-1